00338nam a2200133 a 4500008004100000020001500041050001800056100002200074245002900096246002100125260002800146300002100174350000900195120416s1991 ||||||||||||||||| || u a0435450034 aHG 4027.3 Car aCarysforth, Carol10aFinancial administration aspecialist units aOxfordbHeinemannc1991 avi, 208p. : ill. a0.00